000 00757nam a2200253Ia 4500
003 OSt
005 20250324145334.0
008 241129s9999||||xx |||||||||||||| ||und||
020 _a978911394140
037 _aTextual
040 _aRTL
_beng
_cRTL
041 _aeng
_2eng
084 _aX:328:(D6,9(B) R0
_qRTL
100 _aMazzarol Tim; Reboud Sophie
_9724765
245 0 _aEntrepreneurship and innovation: Theory practice and context
_cMazzarol Tim; Reboud Sophie
250 _a4th
260 _aSingapore
_bSpringer
_c2020
300 _axxvi,509p.
365 _aINR
_b7656.74
490 _aSpringer Texts in Business and Economics
650 _aCommerce
942 _cTB
_hX:328:(D6,9(B) R0
_2CC
_n0
999 _c1224415
_d1224415